00391cam a22001217a 4500008004000000082001800040245006300058260007500121300001700196500002500213650001400238700001700252180718b1968 xxu||||| |||| 00| 0 eng d aP064x54 In2/3 aThird Indian year book of educationcedited by S.B. Adaval aNew DelhibNational Council of eduactional Research and Trainingc1968 axxxvi, 317p. aEducational Research aEducation aAdaval, S.B.